[Event "Mecklenburg VP LL2 Ost 1415"]
[Site "Mecklenburg VP"]
[Date "2015.04.12"]
[Round "8.8"]
[White "Hiltner, Harald"]
[Black "Steinbrecher, Marco"]
[Result "1/2-1/2"]
[WhiteElo "1513"]
[BlackElo "1394"]
[PlyCount "56"]
[EventDate "2014.09.21"]
[EventType "team-tourn"]
[EventRounds "9"]
[EventCountry "GER"]
[SourceTitle "EXT 2022"]
[Source "ChessBase"]
[SourceDate "2021.10.06"]
[SourceVersion "1"]
[SourceVersionDate "2021.10.06"]
[SourceQuality "1"]
[WhiteTeam "Waterkant Saal SV"]
[BlackTeam "Bergen Rugia"]
[WhiteTeamCountry "GER"]
[BlackTeamCountry "GER"]

1. e4 e6 2. Nf3 d5 3. exd5 exd5 4. d4 Bd6 5. Bg5 Nf6 6. Bd3 0-0 7. 0-0 h6 8. Bh4 Bg4 9. Nbd2 Re8 10. Re1 Nbd7 11. Rxe8+ Qxe8 12. Qe1 Qe6 13. h3 Bh5 14. Qxe6 fxe6 15. Re1 Re8 16. Bxf6 gxf6 17. Nh4 Bf4 18. Ndf3 Bxf3 19. Nxf3 Kf7 20. Nh4 f5 21. g3 Bg5 22. Nf3 Bf6 23. Ne5+ Bxe5 24. dxe5 Rg8 25. Re3 Ke7 26. f4 Nc5 27. Be2 Ne4 28. Kg2 c5 1/2-1/2